[Event "Oberliga Sued W 0304"]
[Site "Germany"]
[Date "2004.03.07"]
[Round "7.5"]
[White "Biegler, Markus"]
[Black "Warter, Siegfried"]
[Result "1-0"]
[WhiteElo "2131"]
[BlackElo "2147"]
[PlyCount "77"]
[EventDate "2003.10.12"]
[EventType "team-tourn"]
[EventRounds "9"]
[EventCountry "GER"]
[SourceTitle "EXT 2006"]
[Source "ChessBase"]
[SourceDate "2005.11.24"]
[SourceVersion "1"]
[SourceVersionDate "2005.11.24"]
[SourceQuality "1"]
[WhiteTeam "Illingen"]
[BlackTeam "Saarbruecken"]
[WhiteTeamCountry "GER"]
[BlackTeamCountry "GER"]

1. c4 e5 2. Nc3 Nf6 3. Nf3 Nc6 4. g3 d5 5. cxd5 Nxd5 6. Bg2 Nb6 7. 0-0 Be7 8. a3 a5 9. b3 0-0 10. Bb2 f5 11. d3 Be6 12. Rc1 Bf6 13. Nb5 Rf7 14. Qc2 Rd7 15. Nd2 Bd5 16. Bh3 Be6 17. Rfd1 Qe7 18. Nc4 Nxc4 19. bxc4 Nd4 20. Bxd4 exd4 21. c5 c6 22. Nd6 g6 23. Qb2 a4 24. Nc4 Bxc4 25. Rxc4 Rd5 26. Rb1 Rb8 27. Bg2 Rxc5 28. Bxc6 Rxc4 29. Qa2 Kg7 30. Qxc4 Qxe2 31. Bxa4 Qe7 32. Qb4 Qc7 33. Bd1 h5 34. Bf3 b6 35. a4 Be5 36. Kg2 h4 37. Re1 hxg3 38. hxg3 Bf6 39. Re6 1-0

[Event "Oberliga Sued W 0304"]
[Site "Germany"]
[Date "2003.12.14"]
[Round "4.5"]
[White "Biegler, Markus"]
[Black "Hoegerl, Gerd"]
[Result "0-1"]
[WhiteElo "2131"]
[BlackElo "2226"]
[PlyCount "72"]
[EventDate "2003.10.12"]
[EventType "team-tourn"]
[EventRounds "9"]
[EventCountry "GER"]
[SourceTitle "EXT 2006"]
[Source "ChessBase"]
[SourceDate "2005.11.24"]
[SourceVersion "1"]
[SourceVersionDate "2005.11.24"]
[SourceQuality "1"]
[WhiteTeam "Illingen"]
[BlackTeam "Mutterstadt"]
[WhiteTeamCountry "GER"]
[BlackTeamCountry "GER"]

1. c4 Nf6 2. Nc3 c5 3. g3 d5 4. cxd5 Nxd5 5. Bg2 Nc7 6. Nf3 Nc6 7. 0-0 e5 8. d3 Be7 9. Nd2 Bd7 10. Nc4 0-0 11. Bxc6 Bxc6 12. Nxe5 Be8 13. Qb3 Bf6 14. Ng4 Bc6 15. Nxf6+ Qxf6 16. Qc4 Ne6 17. Be3 Rfe8 18. f3 Qe5 19. Bf2 Nd4 20. Bxd4 Qxd4+ 21. Qxd4 cxd4 22. Ne4 f5 23. Nd6 Rxe2 24. Nxf5 Rd8 25. Rf2 Re5 26. g4 g6 27. f4 Ree8 28. Ng3 Re3 29. Rd2 Bf3 30. Nf1 Re7 31. h3 Rf8 32. Nh2 Bc6 33. Rf1 Re3 34. Rff2 Rfe8 35. f5 g5 36. Nf3 Bxf3 0-1

[Event "St Ingbert op"]
[Site "St Ingbert"]
[Date "2000.07.24"]
[Round "4"]
[White "Biegler, Markus"]
[Black "Ripperger, Reinhold"]
[Result "1-0"]
[WhiteElo "2049"]
[BlackElo "2152"]
[PlyCount "65"]
[EventDate "2000.07.22"]
[EventType "swiss"]
[EventRounds "9"]
[EventCountry "GER"]
[SourceTitle "EXT 2001"]
[Source "ChessBase"]
[SourceDate "2000.11.22"]
[SourceVersion "1"]
[SourceVersionDate "2000.11.22"]
[SourceQuality "1"]

1. c4 e5 2. Nc3 Nf6 3. Nf3 Nc6 4. g3 Bc5 5. Bg2 0-0 6. 0-0 d5 7. cxd5 Nxd5 8. Nxe5 Nxc3 9. bxc3 Nxe5 10. d4 Bd6 11. dxe5 Bxe5 12. Ba3 Re8 13. Qc2 Qf6 14. Rab1 Rb8 15. Qa4 Be6 16. Rxb7 Bxa2 17. c4 Qe6 18. Bd5 Rxb7 19. Bxe6 Rxe6 20. Rd1 Bf6 21. Be7 Bxe7 22. Qxa2 g6 23. e3 Bf6 24. Rd7 a6 25. c5 Be5 26. Qd5 Rb1+ 27. Kg2 Rb2 28. Rd8+ Kg7 29. Ra8 Bc3 30. Qd8 Rxe3 31. Qf8+ Kf6 32. Rxa6+ Kf5 33. Qxf7+ 1-0

[Event "Saarlouis op 1st"]
[Site "Saarlouis"]
[Date "1998.??.??"]
[Round "4"]
[White "Keskinen, Sauli"]
[Black "Biegler, Markus"]
[Result "1-0"]
[WhiteElo "2355"]
[BlackElo "1958"]
[PlyCount "67"]
[EventDate "1998.??.??"]
[EventType "swiss"]
[EventRounds "9"]
[EventCountry "GER"]
[SourceTitle "EXT 2006"]
[Source "ChessBase"]
[SourceDate "2005.11.24"]
[SourceVersion "1"]
[SourceVersionDate "2005.11.24"]
[SourceQuality "1"]

1. e4 e6 2. d3 d5 3. Nd2 Nf6 4. g3 dxe4 5. dxe4 e5 6. Ngf3 Nc6 7. Bb5 Bc5 8. Qe2 Qe7 9. Nc4 Bd7 10. Bg5 h6 11. Bxf6 gxf6 12. Ne3 Bxe3 13. fxe3 0-0-0 14. 0-0-0 a6 15. Bxa6 Qb4 16. a3 Qa4 17. Bc4 Bg4 18. Rxd8+ Rxd8 19. Bd5 f5 20. Qf1 fxe4 21. Bxc6 bxc6 22. Nd2 Qa5 23. Nc4 Qd5 24. b3 Bf3 25. Qh3+ Kb8 26. Re1 Be2 27. Rxe2 Qd1+ 28. Kb2 Qxe2 29. Qxh6 Qf2 30. Qxc6 Qxh2 31. Qb5+ Kc8 32. Qa6+ Kd7 33. Nxe5+ Ke8 34. Qc6+ 1-0

[Event "Saarlouis op 1st"]
[Site "Saarlouis"]
[Date "1998.??.??"]
[Round "8"]
[White "Schaffarth, Peter"]
[Black "Biegler, Markus"]
[Result "1-0"]
[WhiteElo "2190"]
[BlackElo "1958"]
[PlyCount "77"]
[EventDate "1998.??.??"]
[EventType "swiss"]
[EventRounds "9"]
[EventCountry "GER"]
[SourceTitle "EXT 2006"]
[Source "ChessBase"]
[SourceDate "2005.11.24"]
[SourceVersion "1"]
[SourceVersionDate "2005.11.24"]
[SourceQuality "1"]

1. e4 e6 2. f4 d5 3. e5 c5 4. Nf3 Nc6 5. c3 Qb6 6. Na3 Bd7 7. Nc2 Nh6 8. d4 Rc8 9. Bd3 Be7 10. 0-0 cxd4 11. cxd4 0-0 12. Rb1 f5 13. Kh1 a5 14. Bd2 Nb4 15. Nxb4 axb4 16. Qe2 Rc7 17. Rfc1 Rfc8 18. Rxc7 Rxc7 19. h3 g6 20. Be1 Rc8 21. a3 b3 22. Bd2 Kh8 23. Kh2 Qd8 24. Qe1 Qb6 25. Ba5 Qa7 26. Bb4 Bd8 27. Rc1 Qa8 28. Qd1 Ba4 29. Qd2 Rc6 30. Rxc6 bxc6 31. Qc3 Bb6 32. Be2 Kg7 33. Ng5 Qc8 34. Bc5 Bd8 35. Qb4 Bb5 36. Bxb5 cxb5 37. Bf8+ Kg8 38. Bxh6 Bb6 39. Qe7 1-0